Państwa po kawałkach flag #4 - Statystyki

Ogólne statystyki
  • Ten quiz został rozwiązany 459 razy
  • Średni wynik to 13 z 16
Statystyki odpowiedzi
Obrazkowy Odpowiedź % Poprawnych
Cypr
99%
Kosowo
96%
San Marino
94%
Słowacja
91%
Tunezja
90%
Nepal
87%
LIban
86%
Bhutan
85%
Nowa Zelandia
85%
Wielka Brytania
81%
Barbados
74%
Fidżi
70%
Norwegia
68%
Mjanma
61%
Eswatini
58%
Tonga
58%
Nie znaleziono quizów pasujących do podanych kryteriów
Rozkład punktacji
Procent ludzi z każdym wynikiem
Percentyl według liczby udzielonych odpowiedzi
Twoja historia wyników
Nie rozwiązałeś tego quizu